[Event "Saratov Shestoperov Memorial"]
[Site "Saratov"]
[Date "2013.08.14"]
[Round "3"]
[White "Kavyev, Ruslan"]
[Black "Zhizduk, Vladimir"]
[Result "1/2-1/2"]
[WhiteElo "1897"]
[BlackElo "1955"]
[PlyCount "102"]
[EventDate "2013.08.12"]
[EventType "swiss"]
[EventRounds "9"]
[EventCountry "RUS"]
[SourceTitle "CBM 156 Extra"]
[Source "ChessBase"]
[SourceDate "2013.10.22"]
[SourceVersion "1"]
[SourceVersionDate "2013.10.22"]
[SourceQuality "1"]

1. e4 e5 2. Nf3 Nc6 3. Bc4 Nf6 4. d3 Be7 5. 0-0 0-0 6. a3 d6 7. h3 a6 8. Nc3 b5 9. Ba2 Nd4 10. Nxd4 exd4 11. Ne2 c5 12. f4 Be6 13. f5 Bxa2 14. Rxa2 Nd7 15. Nf4 Bg5 16. Nd5 Bxc1 17. Qxc1 f6 18. Qf4 Nb6 19. Nxb6 Qxb6 20. g4 c4 21. Raa1 Qc5 22. Qf2 Qe5 23. Rfd1 Rac8 24. dxc4 Rxc4 25. Re1 Rfc8 26. Re2 Qc5 27. Rd1 Rxc2 28. Rxc2 Qxc2 29. Qxd4 Qc5 30. Qxc5 dxc5 31. Kf2 c4 32. Rd6 a5 33. Rb6 c3 34. bxc3 Rxc3 35. Rxb5 Rxa3 36. Kg2 a4 37. Ra5 Ra2+ 38. Kg3 a3 39. Kh4 Re2 40. Rxa3 Rxe4 41. Ra8+ Kf7 42. Rh8 Re3 43. Rxh7 Kg8 44. Rh5 Rf3 45. g5 Rf4+ 46. Kg3 Rxf5 47. Kg4 g6 48. h4 Kg7 49. Rh6 Rf1 50. h5 Rg1+ 51. Kf3 Rxg5 1/2-1/2

[Event "Saratov op 12"]
[Site "Saratov"]
[Date "2011.12.25"]
[Round "9"]
[White "Efimov, Ivan"]
[Black "Zhizduk, Vladimir"]
[Result "1-0"]
[WhiteElo "2119"]
[BlackElo "1958"]
[PlyCount "65"]
[EventDate "2011.12.17"]
[EventType "swiss"]
[EventRounds "9"]
[EventCountry "RUS"]
[SourceTitle "CBM 146 Extra"]
[Source "ChessBase"]
[SourceDate "2012.02.29"]
[SourceVersion "1"]
[SourceVersionDate "2012.02.29"]
[SourceQuality "1"]

1. Nf3 Nf6 2. b3 g6 3. Bb2 Bg7 4. d3 d5 5. c4 dxc4 6. bxc4 c5 7. g3 b6 8. Bg2 Bb7 9. 0-0 0-0 10. Nc3 Nbd7 11. a4 Rb8 12. a5 bxa5 13. Na4 Qc7 14. Bc3 Ne8 15. Qd2 Bxc3 16. Nxc3 Bc6 17. Qa2 a6 18. Qxa5 Qxa5 19. Rxa5 Nc7 20. Na4 Bxa4 21. Rxa4 Rb2 22. Re1 Rfb8 23. Raa1 e6 24. Ng5 R8b6 25. h4 f6 26. Ne4 f5 27. Nc3 R2b3 28. Rec1 Kf7 29. Ra5 Ke7 30. f4 Rb2 31. Kf2 Kd6 32. Na4 Ra2 33. Nxb6 1-0

[Event "Saratov Region-ch"]
[Site "Saratov"]
[Date "2011.06.07"]
[Round "7"]
[White "Zhizduk, Vladimir"]
[Black "Nurdinov, Iliya"]
[Result "0-1"]
[WhiteElo "1990"]
[BlackElo "1740"]
[PlyCount "84"]
[EventDate "2011.06.01"]
[EventType "swiss"]
[EventRounds "9"]
[EventCountry "RUS"]
[SourceTitle "EXT 2012"]
[Source "ChessBase"]
[SourceDate "2011.11.24"]
[SourceVersion "1"]
[SourceVersionDate "2011.11.24"]
[SourceQuality "1"]

1. d4 f5 2. g3 Nf6 3. Bg2 g6 4. c4 Bg7 5. Nc3 0-0 6. Nh3 d6 7. 0-0 c6 8. Qb3 Kh8 9. Bf4 Nh5 10. Rad1 Qc7 11. d5 Nd7 12. Qc2 Nxf4 13. Nxf4 Nf6 14. h4 Bh6 15. e3 Bd7 16. Qd2 c5 17. Ne6 Bxe6 18. dxe6 Qc8 19. Nd5 Nxd5 20. Bxd5 Rb8 21. Rb1 Bg7 22. Qa5 a6 23. Qb6 Qd8 24. Qa7 Qc7 25. b4 cxb4 26. Rxb4 Bf6 27. Rfb1 Qa5 28. Rxb7 Rxb7 29. Rxb7 Qxa2 30. Rxe7 Bxe7 31. Qxe7 Qa1+ 32. Kg2 Qg7 33. Qxd6 Rc8 34. Qd7 Qxd7 35. exd7 Rd8 36. Bc6 Kg7 37. Ba4 Kf7 38. c5 Ke7 39. c6 Kd6 40. Kf3 Kc7 41. e4 fxe4+ 42. Kxe4 Rb8 0-1

[Event "Saratov Region-ch"]
[Site "Saratov"]
[Date "2011.06.01"]
[Round "1"]
[White "Zhizduk, Vladimir"]
[Black "Rjanova, Valery"]
[Result "0-1"]
[WhiteElo "1990"]
[BlackElo "2175"]
[PlyCount "76"]
[EventDate "2011.06.01"]
[EventType "swiss"]
[EventRounds "9"]
[EventCountry "RUS"]
[SourceTitle "EXT 2012"]
[Source "ChessBase"]
[SourceDate "2011.11.24"]
[SourceVersion "1"]
[SourceVersionDate "2011.11.24"]
[SourceQuality "1"]

1. d4 Nf6 2. c4 g6 3. Nf3 Bg7 4. Nc3 0-0 5. e4 d6 6. Be3 e5 7. h3 exd4 8. Nxd4 Re8 9. Bd3 Nc6 10. Nxc6 bxc6 11. 0-0 c5 12. Re1 Nd7 13. Qd2 Ne5 14. Rad1 Bxh3 15. Be2 Be6 16. b3 Nc6 17. Nd5 Bxd5 18. exd5 Nd4 19. Bf1 Qh4 20. Bf4 Qg4 21. Bg3 Be5 22. Qd3 Bxg3 23. Qxg3 Qxg3 24. fxg3 a5 25. Kf2 Kf8 26. Bd3 Rxe1 27. Rxe1 a4 28. bxa4 Rxa4 29. Rb1 Rxa2+ 30. Kg1 Ra3 31. Bf1 Rxg3 32. Rb7 h5 33. Rxc7 h4 34. Kf2 Rc3 35. Rd7 Nf5 36. Be2 Rc2 37. Ke1 Ke8 38. Ra7 Nd4 0-1

[Event "Saratov op"]
[Site "Saratov"]
[Date "2009.06.03"]
[Round "3"]
[White "Efimov, Ivan"]
[Black "Zhizduk, Vladimir"]
[Result "1-0"]
[WhiteElo "2210"]
[BlackElo "2060"]
[PlyCount "80"]
[EventDate "2009.06.01"]
[EventType "swiss"]
[EventRounds "9"]
[EventCountry "RUS"]
[SourceTitle "CBM 130 Extra"]
[Source "ChessBase"]
[SourceDate "2009.07.02"]
[SourceVersion "2"]
[SourceVersionDate "2009.07.15"]
[SourceQuality "1"]

1. e4 d6 2. d4 Nf6 3. Nc3 g6 4. f4 Bg7 5. Nf3 0-0 6. e5 Nfd7 7. Bc4 Nb6 8. Be2 Bg4 9. 0-0 d5 10. a4 e6 11. a5 N6d7 12. b3 a6 13. Ba3 Re8 14. Qd2 Bf8 15. Bxf8 Nxf8 16. Nd1 Nbd7 17. Ne3 Bxf3 18. Rxf3 c5 19. c3 cxd4 20. cxd4 Rc8 21. g4 Qc7 22. f5 Qc3 23. Qd1 Nxe5 24. dxe5 Qxe5 25. Bd3 Rc3 26. Rc1 Rec8 27. Rxc3 Rxc3 28. Kg2 Qd4 29. Bc2 Qc5 30. Qd2 e5 31. b4 Qc6 32. Ba4 Qxa4 33. Qxc3 d4 34. Qc2 Qxb4 35. Nd5 Qd6 36. Nb6 Qb4 37. Qc4 Qd2+ 38. Rf2 Qg5 39. h3 gxf5 40. Rxf5 Qg6 1-0

[Event "Saratov op"]
[Site "Saratov"]
[Date "2009.06.01"]
[Round "1"]
[White "Biryukov, Dmitriy"]
[Black "Zhizduk, Vladimir"]
[Result "1-0"]
[WhiteElo "2358"]
[BlackElo "2060"]
[PlyCount "69"]
[EventDate "2009.06.01"]
[EventType "swiss"]
[EventRounds "9"]
[EventCountry "RUS"]
[SourceTitle "CBM 130 Extra"]
[Source "ChessBase"]
[SourceDate "2009.07.02"]
[SourceVersion "2"]
[SourceVersionDate "2009.07.15"]
[SourceQuality "1"]

1. e4 c6 2. d4 d5 3. Nd2 dxe4 4. Nxe4 Bf5 5. Ng3 Bg6 6. Nf3 Nd7 7. Bc4 e6 8. 0-0 Bd6 9. Re1 Ne7 10. Qe2 Nb6 11. Bb3 0-0 12. Ne4 Bh5 13. Nxd6 Qxd6 14. Qe5 Qxe5 15. Nxe5 Rad8 16. c3 Nd7 17. Nxd7 Rxd7 18. Rxe6 Bd1 19. Re1 Bxb3 20. axb3 a6 21. f3 Rc8 22. Bf4 c5 23. dxc5 Rxc5 24. Rad1 Rxd1 25. Rxd1 Nc6 26. b4 Rb5 27. Bd6 Rf5 28. Bc5 h5 29. Rd7 b5 30. Rd6 Ne5 31. b3 Rf6 32. Rxf6 gxf6 33. Bd4 Nd7 34. Kf2 Kf8 35. Kg3 1-0

[Event "Saratov Rating"]
[Site "Saratov"]
[Date "2009.04.02"]
[Round "1"]
[White "Shindich, Timur"]
[Black "Zhizduk, Vladimir"]
[Result "0-1"]
[WhiteElo "1850"]
[BlackElo "2060"]
[PlyCount "78"]
[EventDate "2009.04.02"]
[EventType "tourn"]
[EventRounds "11"]
[EventCountry "RUS"]
[SourceTitle "EXT 2022"]
[Source "ChessBase"]
[SourceDate "2021.10.06"]
[SourceVersion "1"]
[SourceVersionDate "2021.10.06"]
[SourceQuality "1"]

1. d4 d5 2. c4 c6 3. Nf3 Nf6 4. Nc3 e6 5. Bg5 h6 6. Bh4 dxc4 7. e4 g5 8. Bg3 b5 9. Be5 Nbd7 10. h4 g4 11. Nh2 h5 12. Be2 Nxe5 13. dxe5 Qxd1+ 14. Rxd1 Nd7 15. f4 gxf3 16. Nxf3 Bg7 17. 0-0 Nxe5 18. Ng5 f6 19. Nf3 Ng4 20. Rd6 Bd7 21. Rfd1 Rd8 22. Nd4 Bf8 23. Nxc6 Bxd6 24. Rxd6 Rc8 25. Nxa7 Rb8 26. Ra6 Ke7 27. Ra5 Ra8 28. b4 Rhb8 29. Bf3 Ne5 30. Bxh5 Kf8 31. a3 Nc6 32. Nxc6 Bxc6 33. Bg4 Rxa5 34. bxa5 Ke7 35. Be2 Ra8 36. a4 bxa4 37. Bxc4 Rxa5 38. Bd3 a3 39. Na2 Re5 0-1

[Event "Saratov-ch"]
[Site "Saratov"]
[Date "2009.03.07"]
[Round "9"]
[White "Palin, Denis"]
[Black "Zhizduk, Vladimir"]
[Result "1/2-1/2"]
[WhiteElo "1942"]
[BlackElo "2083"]
[PlyCount "45"]
[EventDate "2009.02.26"]
[EventType "swiss"]
[EventRounds "9"]
[EventCountry "RUS"]
[SourceTitle "CBM 129 Extra"]
[Source "ChessBase"]
[SourceDate "2009.05.05"]
[SourceVersion "2"]
[SourceVersionDate "2009.05.20"]
[SourceQuality "1"]

1. c4 Nf6 2. d4 g6 3. Nc3 Bg7 4. e4 d6 5. Nf3 0-0 6. Be2 e5 7. 0-0 Nc6 8. dxe5 dxe5 9. Qxd8 Rxd8 10. Bg5 Re8 11. Nd5 Nxd5 12. cxd5 Nb8 13. Nd2 f6 14. Be3 Bf8 15. Bc4 Kg7 16. Rac1 Bd7 17. Nb3 b6 18. Rfd1 Bd6 19. Be2 Ba4 20. Rd3 Bb5 21. Rd2 Bxe2 22. Rxe2 Nd7 23. Rec2 1/2-1/2

[Event "Saratov-ch"]
[Site "Saratov"]
[Date "2009.03.03"]
[Round "5"]
[White "Mochalov, Yulian"]
[Black "Zhizduk, Vladimir"]
[Result "1/2-1/2"]
[WhiteElo "1943"]
[BlackElo "2083"]
[PlyCount "55"]
[EventDate "2009.02.26"]
[EventType "swiss"]
[EventRounds "9"]
[EventCountry "RUS"]
[SourceTitle "CBM 129 Extra"]
[Source "ChessBase"]
[SourceDate "2009.05.05"]
[SourceVersion "2"]
[SourceVersionDate "2009.05.20"]
[SourceQuality "1"]

1. d4 Nf6 2. c4 e6 3. Nc3 c5 4. d5 d6 5. e4 e5 6. Bd3 Na6 7. h3 Nc7 8. f4 exf4 9. Bxf4 Nd7 10. Nf3 f6 11. 0-0 Be7 12. a3 0-0 13. b4 b6 14. bxc5 bxc5 15. Rb1 Ne5 16. Bxe5 fxe5 17. Ne2 g6 18. Bc2 Ba6 19. Bd3 Qd7 20. Nc3 Ne8 21. Nb5 Ng7 22. Rf2 Nh5 23. Qd2 Nf4 24. Bf1 Bc8 25. Qa5 Bd8 26. Qa4 Rb8 27. Qd1 Ba5 28. Qa4 1/2-1/2

[Event "Saratov Rating 10"]
[Site "Saratov"]
[Date "2008.10.23"]
[Round "1"]
[White "Efimov, Ivan"]
[Black "Zhizduk, Vladimir"]
[Result "1-0"]
[WhiteElo "2255"]
[BlackElo "2083"]
[PlyCount "101"]
[EventDate "2008.10.23"]
[EventType "tourn"]
[EventRounds "11"]
[EventCountry "RUS"]
[SourceTitle "EXT 2022"]
[Source "ChessBase"]
[SourceDate "2021.10.06"]
[SourceVersion "1"]
[SourceVersionDate "2021.10.06"]
[SourceQuality "1"]

1. Nf3 c5 2. b3 Nc6 3. Bb2 d5 4. e3 Nf6 5. Bb5 a6 6. Bxc6+ bxc6 7. d3 g6 8. Nbd2 Bg7 9. Ne5 Qc7 10. f4 Ng4 11. Nxg4 Bxb2 12. Rb1 Bg7 13. h3 h5 14. Nf2 Qa5 15. a4 Bc3 16. Qe2 0-0 17. Nd1 Bg7 18. 0-0 Qc7 19. e4 f5 20. e5 a5 21. Qf2 Qa7 22. Kh1 Bh6 23. Nc3 Be6 24. Ne2 d4 25. Rbc1 Rab8 26. c4 Kf7 27. Ng1 Rh8 28. Qh4 Rbg8 29. Ngf3 Qd7 30. Rfe1 Ke8 31. Nf1 Kd8 32. Ng3 Kc7 33. Ne2 Qd8 34. Ng5 Bxg5 35. fxg5 Kd7 36. Nf4 Qe8 37. Qf2 Qb8 38. Rb1 Qc7 39. Rb2 Rg7 40. Kg1 Rgg8 41. Kf1 Rg7 42. Ke2 Rb8 43. Kd1 Qc8 44. Kc2 Ke8 45. Kb1 Kf7 46. g4 hxg4 47. hxg4 Qh8 48. Rf1 Qg8 49. Nxe6 Kxe6 50. gxf5+ Kd7 51. e6+ 1-0

[Event "Saratov region op"]
[Site "Saratov"]
[Date "2008.06.07"]
[Round "9"]
[White "Zhizduk, Vladimir"]
[Black "Tolkanov, Vladimir Aleksandro"]
[Result "1-0"]
[WhiteElo "2115"]
[BlackElo "1912"]
[PlyCount "81"]
[EventDate "2008.05.30"]
[EventType "swiss"]
[EventRounds "9"]
[EventCountry "RUS"]
[SourceTitle "CBM 124 Extra"]
[Source "ChessBase"]
[SourceDate "2008.07.03"]
[SourceVersion "1"]
[SourceVersionDate "2008.07.03"]
[SourceQuality "1"]

1. d4 d5 2. c4 e6 3. Nf3 Nf6 4. Nc3 c5 5. e3 Nc6 6. Be2 Be7 7. 0-0 0-0 8. a3 b6 9. Qc2 dxc4 10. Rd1 cxd4 11. exd4 Na5 12. Ne5 Bb7 13. Nxc4 Nxc4 14. Bxc4 Rc8 15. Bd3 Qc7 16. Qe2 Rfd8 17. Be3 Nd5 18. Ne4 Nf4 19. Bxf4 Qxf4 20. g3 Qh6 21. Nc3 Bf6 22. Be4 Rd7 23. Bxb7 Rxb7 24. d5 Bxc3 25. bxc3 exd5 26. Rxd5 Qf6 27. Rad1 g6 28. Rd6 Qe7 29. Qf3 Rbc7 30. c4 Re8 31. Qf4 Kg7 32. R1d4 Qe5 33. Kg2 Qxf4 34. Rxf4 Re5 35. h4 Ra5 36. Rd3 Rac5 37. Rdd4 Ra5 38. Rd3 Ra4 39. Rc3 b5 40. cxb5 Rxc3 41. Rxa4 1-0